[Event "Mumbai Wealth U13 op 5th"]
[Site "Mumbai"]
[Date "2020.01.06"]
[Round "8"]
[White "Laddha, Shubh Jayesh"]
[Black "Sai Raj Gopal, K."]
[Result "0-1"]
[WhiteElo "1975"]
[BlackElo "1798"]
[PlyCount "102"]
[EventDate "2019.12.30"]
[EventType "swiss"]
[EventRounds "9"]
[EventCountry "IND"]
[SourceTitle "CBM 194 Extra"]
[Source "ChessBase"]
[SourceDate "2020.03.31"]
[SourceVersion "1"]
[SourceVersionDate "2020.03.31"]
[SourceQuality "1"]

1. e4 c5 2. Nf3 d6 3. Bb5+ Nd7 4. 0-0 Ngf6 5. Re1 a6 6. Bd3 g6 7. c3 Bg7 8. Bc2 0-0 9. d4 e5 10. d5 b5 11. a4 Bb7 12. Nbd2 Qe7 13. Nf1 Nh5 14. Be3 Kh8 15. h3 h6 16. N1h2 Nf4 17. Qd2 g5 18. Rad1 Nb6 19. axb5 axb5 20. b3 Ra2 21. Ra1 Rfa8 22. Rxa2 Rxa2 23. Bxf4 gxf4 24. g4 Bc8 25. Rc1 c4 26. b4 Qa7 27. Qe1 Qa3 28. Bb3 Na4 29. Bxa4 Qxa4 30. Kg2 Qa7 31. Nd2 Bf6 32. h4 Bxh4 33. Nhf3 Bf6 34. Nh2 Bg5 35. Ndf3 Bd8 36. Rd1 Qe3 37. Kg1 Qxe1+ 38. Rxe1 Bb6 39. Rf1 Rc2 40. Ra1 Rxf2 41. Nd4 Rb2 42. Ra8 exd4 43. Rxc8+ Kg7 44. cxd4 Bxd4+ 45. Kh1 c3 46. Nf3 Bf6 47. g5 hxg5 48. e5 Kh6 49. Ng1 c2 50. Ne2 Bxe5 51. Nc1 f3 0-1

[Event "Mumbai Wealth U13 op 5th"]
[Site "Mumbai"]
[Date "2020.01.05"]
[Round "7"]
[White "Sai Raj Gopal, K."]
[Black "Velpula, Sarayu"]
[Result "1-0"]
[WhiteElo "1798"]
[BlackElo "1898"]
[PlyCount "79"]
[EventDate "2019.12.30"]
[EventType "swiss"]
[EventRounds "9"]
[EventCountry "IND"]
[SourceTitle "CBM 194 Extra"]
[Source "ChessBase"]
[SourceDate "2020.03.31"]
[SourceVersion "1"]
[SourceVersionDate "2020.03.31"]
[SourceQuality "1"]

1. d4 Nf6 2. c4 g6 3. Nc3 Bg7 4. e4 d6 5. Be2 0-0 6. Bg5 c6 7. Qd2 a6 8. Rd1 b5 9. a3 Re8 10. h4 h5 11. Nh3 bxc4 12. Bxc4 d5 13. Bxf6 exf6 14. Ba2 dxe4 15. Kf1 a5 16. d5 Bb7 17. Qc2 Qb6 18. Nf4 Bh6 19. Nxe4 Kg7 20. Nd6 Ba6+ 21. Kg1 Rf8 22. Nh3 cxd5 23. Bxd5 Ra7 24. Ne4 Rc7 25. Qb3 Qxb3 26. Bxb3 Nd7 27. Kh2 Rb8 28. Bd5 Rxb2 29. Nd6 Rc5 30. Bxf7 Ne5 31. Be6 Ng4+ 32. Kg3 Nxf2 33. Nxf2 Rc3+ 34. Kh2 Bf4+ 35. Kg1 Be3 36. Nde4 Rcc2 37. Rd7+ Kh6 38. Bg8 g5 39. hxg5+ Kg6 40. Bh7# 1-0

[Event "New Delhi Parsvnath op-B 17th"]
[Site "New Delhi"]
[Date "2019.01.11"]
[Round "8"]
[White "Anwar, NK."]
[Black "Sai Raj Gopal, K."]
[Result "1-0"]
[WhiteElo "1817"]
[BlackElo "1727"]
[PlyCount "165"]
[EventDate "2019.01.09"]
[EventType "swiss"]
[EventRounds "10"]
[EventCountry "IND"]
[SourceTitle "CBM 189 Extra"]
[Source "ChessBase"]
[SourceDate "2019.05.31"]
[SourceVersion "1"]
[SourceVersionDate "2019.05.31"]
[SourceQuality "1"]

1. e4 c5 2. Nf3 d6 3. Bb5+ Nd7 4. 0-0 a6 5. Be2 Ngf6 6. d3 g6 7. b3 Bg7 8. Bb2 0-0 9. Nbd2 e5 10. a4 Ne8 11. Nc4 Ndf6 12. Ne1 Be6 13. g3 b5 14. axb5 axb5 15. Ne3 Rxa1 16. Qxa1 Qb6 17. N1g2 Bh3 18. c4 bxc4 19. bxc4 Nc7 20. Bc3 Ra8 21. Qb1 Qxb1 22. Rxb1 Ne6 23. Ra1 Rxa1+ 24. Bxa1 Nd4 25. Bxd4 cxd4 26. Nc2 Be6 27. Na3 Kf8 28. f4 Ke7 29. Nc2 Kd7 30. Nce1 Ne8 31. Nf3 f6 32. Nfh4 Bf7 33. f5 g5 34. Nf3 h5 35. h3 Kc6 36. g4 h4 37. Bd1 Kc5 38. Kf1 Kb4 39. Ke2 Kc3 40. Ba4 Nc7 41. Nd2 Na6 42. Ne1 Bf8 43. Bb5 Nc5 44. Nb1+ Kb2 45. Nd2 Be7 46. Ndf3 Kc3 47. Nd2 Bd8 48. Nb1+ Kb2 49. Nd2 Ba5 50. Bc6 Na6 51. Ba4 Nc7 52. Nef3 Be8 53. Bxe8 Nxe8 54. c5 Bxd2 55. Nxd2 Kc2 56. c6 Kc3 57. Nf3 Kb4 58. Nxg5 Kc5 59. Nf3 Kxc6 60. Nxh4 Kd7 61. Ng6 Nc7 62. h4 Ke8 63. g5 Kf7 64. gxf6 Kxf6 65. Nf8 Nb5 66. Ne6 d5 67. h5 dxe4 68. dxe4 Nd6 69. h6 Nf7 70. h7 Ke7 71. Kd3 Kf6 72. Kc4 Ke7 73. Ng5 Nh8 74. Ne6 Kf6 75. Nf8 Kg7 76. Ng6 Nf7 77. h8Q+ Nxh8 78. Nxe5 Kf6 79. Kxd4 Ke7 80. Ng6+ Nxg6 81. fxg6 Kf6 82. Kd5 Kxg6 83. Ke6 1-0

[Event "IND-ch U11 30th"]
[Site "India"]
[Date "2016.06.30"]
[Round "4"]
[White "Sai Nikhil, Y."]
[Black "Sai Raj Gopal, K."]
[Result "0-1"]
[WhiteElo "1300"]
[BlackElo "1442"]
[PlyCount "136"]
[EventDate "2016.06.28"]
[EventType "swiss"]
[EventRounds "11"]
[EventCountry "IND"]
[SourceTitle "CBM 173 Extra"]
[Source "ChessBase"]
[SourceDate "2016.08.29"]
[SourceVersion "1"]
[SourceVersionDate "2016.08.29"]
[SourceQuality "1"]

1. e4 c5 2. Nf3 d6 3. d4 cxd4 4. Nxd4 Nf6 5. Nc3 g6 6. Be3 Bg7 7. f3 Nc6 8. Qd2 a6 9. Bc4 Bd7 10. Bb3 b5 11. Nd5 0-0 12. Nxc6 Bxc6 13. 0-0-0 Rb8 14. h4 a5 15. Nxf6+ Bxf6 16. h5 a4 17. Bd5 Bxd5 18. Qxd5 a3 19. hxg6 Bxb2+ 20. Kb1 hxg6 21. Qg5 Kg7 22. Qh6+ Kf6 23. Qh3 Rh8 24. Bh6 Qa5 25. Rd5 Be5 26. Qh4+ Ke6 27. Qg4+ f5 28. Qxg6+ Kd7 29. Qxf5+ Kc6 30. Rd3 Rxh6 31. Rhd1 Qb4+ 32. Rb3 Qd4 33. Kc1 Qa1+ 34. Kd2 Qd4+ 35. Kc1 Qc4 36. Rxa3 Rh2 37. Ra6+ Kc7 38. Qg5 Qf7 39. Kb1 Qg7 40. Qe3 Qxg2 41. Ra7+ Rb7 42. Rxb7+ Kxb7 43. Qd3 Qe2 44. Qd5+ Kc7 45. Qd3 Qxd3 46. cxd3 Rb2+ 47. Kc1 Rxa2 48. Kb1 Ra1+ 49. Kc2 Rxd1 50. Kxd1 d5 51. Kc2 d4 52. Kb3 Bf4 53. Kb4 Kc6 54. Kb3 Bd2 55. Ka3 Kd6 56. Kb2 Ke5 57. Kc2 Bc3 58. Kc1 Kf4 59. Kc2 Kxf3 60. e5 e6 61. Kb3 Ke2 62. Kc2 b4 63. Kb3 Kxd3 64. Ka2 Ke2 65. Kb3 d3 66. Ka2 d2 67. Kb3 d1Q+ 68. Ka2 Qc2# 0-1

[Event "IND-ch U11 30th"]
[Site "India"]
[Date "2016.06.29"]
[Round "3"]
[White "Sai Raj Gopal, K."]
[Black "Srihari, LR."]
[Result "0-1"]
[WhiteElo "1442"]
[BlackElo "1765"]
[PlyCount "112"]
[EventDate "2016.06.28"]
[EventType "swiss"]
[EventRounds "11"]
[EventCountry "IND"]
[SourceTitle "CBM 173 Extra"]
[Source "ChessBase"]
[SourceDate "2016.08.29"]
[SourceVersion "1"]
[SourceVersionDate "2016.08.29"]
[SourceQuality "1"]

1. d4 f5 2. c4 Nf6 3. Nc3 g6 4. Bf4 Bg7 5. e3 0-0 6. Nf3 d6 7. Bd3 c6 8. 0-0 Qe8 9. h3 Na6 10. Qb3 Kh8 11. a3 h6 12. Qc2 Nc7 13. Bh2 Ne6 14. b4 Bd7 15. Rab1 b6 16. Ne2 Nd8 17. c5 Nf7 18. Nf4 Kh7 19. cxd6 exd6 20. Nh4 Nh8 21. Ne2 d5 22. Nf4 Ne4 23. f3 g5 24. Nh5 Qxh5 25. fxe4 dxe4 26. Bxe4 fxe4 27. Qxe4+ Kg8 28. Nf5 Bxf5 29. Rxf5 Rxf5 30. Qxf5 Qg6 31. Qxg6 Nxg6 32. Rc1 Ne7 33. Kf2 Nd5 34. Rxc6 Rf8+ 35. Ke2 Re8 36. Bg1 Bxd4 37. Rxh6 Bxe3 38. Bxe3 Rxe3+ 39. Kf2 Rxa3 40. Rg6+ Kh7 41. Rxg5 Nxb4 42. h4 a5 43. h5 Rb3 44. g4 a4 45. Rf5 a3 46. Rf7+ Kg8 47. Ra7 a2 48. h6 Rb1 49. h7+ Kh8 50. g5 a1Q 51. Rxa1 Rxa1 52. g6 Rc1 53. Kf3 Rg1 54. Kf4 Rxg6 55. Ke4 Rc6 56. Kd4 b5 0-1